000
00304nam a22000977a 4500
008
150617b xxu||||| |||| 00| 0 eng d
010
_8
HCCRSF:003
245
_a
HIGH COURT CRIMINAL SESSION NO.693 OF 1969 Uganda Vs Kasimu Etyang
260
_a
High Court Kampala
500
_5
BEFORE: Hon. Mr. Ag. Justice Wambuzi
999
_c
6329
_d
6329